Canciones de Paulo Londra - Estadísticas

Estadísticas generales
  • Esta prueba ha sido intentada 360 veces
  • La puntuación promedio es 14 de 29
Estadísticas de respuestas
Canciones % Correcto
Adan y Eva
89%
Tal vez
78%
Nena Maldicion
72%
Chica Paranormal
68%
Homerun
63%
Condenado para el Millon
60%
Me tiene mal
56%
Cuando te bese
51%
Por eso vine
51%
Relax
50%
Querido Amigo
49%
Dimelo
48%
Party
48%
Romeo y julieta
48%
Forever Alone
47%
No puedo
47%
Cámara Lenta
46%
Te amo
43%
Maldita Abusadora
41%
Demasiado loco
39%
Luna llena
39%
Solo pienso en ti
39%
Y yo no se
36%
So fresh
35%
Confiado y Tranquilo
33%
Sigan hablando de mi
31%
Nothing on you
22%
Por lo mio
21%
Esta bien
16%
No se encontraron pruebas coincidentes
Distribución de puntuación
Porcentaje de gente con cada puntuación
Porcentaje por número respondido
Historial de tus puntuaciones
No has intentado esta prueba.